000 00557nam a2200181Ia 4500
003 OSt
005 20200515124604.0
008 190216s9999||||xx |||||||||||||| ||und||
020 _a9789839541533
040 _coclc
082 _a901
_bENA/I
100 _aEnan, Mohammad Abdullah
_92155
245 0 _aIbn Khaldun His Life And Works /
_cMohammad Abdullah Enan
260 _bOther Books,
_c2007.
_aKuala Lumpur:
300 _a159p
650 0 _aHistory & geography
_92271
_vIslamic History
942 _cBK
_2ddc
_h901
_iENA/I
_k901
_mENA/I
999 _c23114
_d23114